<?xml version="1.0" encoding="UTF-8"?><?xml-stylesheet type="text/xsl" href="static/style.xsl"?><OAI-PMH xmlns="http://www.openarchives.org/OAI/2.0/" xmlns:xsi="http://www.w3.org/2001/XMLSchema-instance" xsi:schemaLocation="http://www.openarchives.org/OAI/2.0/ http://www.openarchives.org/OAI/2.0/OAI-PMH.xsd"><responseDate>2026-04-17T21:31:58Z</responseDate><request verb="GetRecord" identifier="oai:www.recercat.cat:10459.1/468666" metadataPrefix="marc">https://recercat.cat/oai/request</request><GetRecord><record><header><identifier>oai:recercat.cat:10459.1/468666</identifier><datestamp>2025-10-04T18:25:30Z</datestamp><setSpec>com_2072_3622</setSpec><setSpec>col_2072_479130</setSpec></header><metadata><record xmlns="http://www.loc.gov/MARC21/slim" xmlns:dcterms="http://purl.org/dc/terms/" xmlns:xsi="http://www.w3.org/2001/XMLSchema-instance" xmlns:doc="http://www.lyncode.com/xoai" xsi:schemaLocation="http://www.loc.gov/MARC21/slim http://www.loc.gov/standards/marcxml/schema/MARC21slim.xsd">
   <leader>00925njm 22002777a 4500</leader>
   <datafield ind2=" " ind1=" " tag="042">
      <subfield code="a">dc</subfield>
   </datafield>
   <datafield ind2=" " ind1=" " tag="720">
      <subfield code="a">Gomis Cañellas, Raquel</subfield>
      <subfield code="e">author</subfield>
   </datafield>
   <datafield ind2=" " ind1=" " tag="720">
      <subfield code="a">Berastegui-Martínez, Jon</subfield>
      <subfield code="e">author</subfield>
   </datafield>
   <datafield ind2=" " ind1=" " tag="720">
      <subfield code="a">Priego Ojeda, María</subfield>
      <subfield code="e">author</subfield>
   </datafield>
   <datafield ind2=" " ind1=" " tag="720">
      <subfield code="a">López Cassà, Èlia</subfield>
      <subfield code="e">author</subfield>
   </datafield>
   <datafield ind2=" " ind1=" " tag="260">
      <subfield code="c">2025</subfield>
   </datafield>
   <datafield ind2=" " ind1=" " tag="520">
      <subfield code="a">The acquisition of emotional competences plays a vital role in children's development. Recognizing its significance, this paper focuses on evaluating a specific program designed to enhance emotional competences, reduce state anxiety, and ultimately improve academic performance in children in 1st, 2nd and 3rd grade of Primary Education. The program consists of 25 activities per grade (5 activities for each emotional competence: emotional awareness, emotional regulation, social competence, emotional autonomy, and life skills and well-being), incorporating the Happy 8-12 video-game for 3rd-grade students. A sample of 773 primary school students from various regions of Spain is used (594 from the experimental group and 179 from the control group), sampling being non-random convenience. The following questionnaires have been administered: CAS, CDE 9-13, Emotional Development Observation Scale, as well as considering the students’ grades. A quasi-experimental pretest-postest design with a negative control group has been used. For the statistical analysis, a mixed linear model is employed, considering the following factors: group (experimental and control), time (pretest and posttest), and gender. These analyses enable a rigorous evaluation of the program's impact on the development of emotional competences. The evaluation of the program reveals positive outcomes, with first- and third-grade students showing enhanced emotional competences. However, there are no notable differences observed in anxiety levels and academic performance variables among the participants. These findings underscore the significance of implementing emotional education programs in schools as a systematic practice.</subfield>
   </datafield>
   <datafield ind1="8" ind2=" " tag="024">
      <subfield code="a">http://hdl.handle.net/10459.1/468666</subfield>
   </datafield>
   <datafield tag="653" ind2=" " ind1=" ">
      <subfield code="a">Emoción</subfield>
   </datafield>
   <datafield tag="653" ind2=" " ind1=" ">
      <subfield code="a">Ansiedad</subfield>
   </datafield>
   <datafield tag="653" ind2=" " ind1=" ">
      <subfield code="a">Rendimiento</subfield>
   </datafield>
   <datafield ind2="0" ind1="0" tag="245">
      <subfield code="a">Evaluation of a program to improve emotional competences, anxiety, and academic performance</subfield>
   </datafield>
   <datafield ind2="0" ind1="0" tag="245">
      <subfield code="a">Evaluación de un programa para la mejora de las competencias emocionales, ansiedad y rendimiento académico</subfield>
   </datafield>
</record></metadata></record></GetRecord></OAI-PMH>